| 000 | 01004nam a2200277Ia 4500 | ||
|---|---|---|---|
| 003 | OSt | ||
| 005 | 20221005110446.0 | ||
| 006 | a|||||r|||| 00| 0 | ||
| 007 | ta | ||
| 008 | 221004b |||||||| |||| 00| 0 hin d | ||
| 020 |
_a8188125040 (hbk) _cIndian Rupees 250 |
||
| 024 | _a44157 | ||
| 037 |
_bGift, 06/06/2019, _cTextual |
||
| 040 |
_aCRL _cCRL _bhin |
||
| 041 |
_2hin _ahin |
||
| 082 | _aP1520aW94, Q2 | ||
| 100 | _aप्रभाकर, विष्णु, ले. | ||
| 245 | 0 | _aराष्ट्रीय एकता और हिन्दी | |
| 246 | _aRāṣhṭrīya ekatā aur hindī | ||
| 260 |
_aनई दिल्ली _bजगतराम एण्ड संस भारत _c2012 |
||
| 300 |
_a211पृ0 _ccm. |
||
| 650 | _a राष्ट्रीयता | ||
| 650 | _aहिन्दी भाषा | ||
| 942 |
_hP1520aW94, Q2 _cTEXL _2cc |
||
| 999 |
_c1018881 _d1018881 |
||